| 000 | 00581nam a22002057a 4500 | ||
|---|---|---|---|
| 003 | OSt | ||
| 008 | 250220b |||||||| |||| 00| 0 eng d | ||
| 020 | _a0192176234 | ||
| 082 |
_a635.9095496 _bP77F |
||
| 100 | _aPolunin, Oleg. | ||
| 245 |
_aFlowers of the Himalaya / _cby Oleg Polunin and Adam Stainton |
||
| 260 |
_a.- Bombay _b: Oxford University Press _c, 1988 |
||
| 300 | _axxx,580p. | ||
| 650 | _aTechnology (Applied Sciences) | ||
| 650 | _aAgriculture and Related Sciences | ||
| 650 | _aFlowers | ||
| 650 | _aHimalaya | ||
| 700 | _aStainton, Adam. | ||
| 942 |
_2ddc _cDB |
||
| 999 |
_c47545 _d47545 |
||